000 00945nam a2200253Ia 4500
003 OSt
005 20220930094513.0
006 a|||||r|||| 00| 0
007 ta
008 220926b |||||||| |||| 00| 0 eng d
024 _a72068
037 _cTheses
040 _aCRL
_cCRL
_beng
041 _2eng
_aeng
100 _aHatui Kalyanbrata Au.
_9555725
110 _aUniversity of Delhi. Faculty of Sciences. Department of Geology
_9546603
245 0 _aStructural, metamorphic and geochronological study of delhi supergroup rocks from kumbhalgarh sayra- ranakpur area, rajasthan
_b implications for the tectonic evolution of south delhi fold belt
260 _c2021
300 _a173p.
_ap.
_ccm.
700 _a Chattopadhyay Anupam Gu.
_9553620
700 _aUniversity of Delhi. Faculty of Sciences. Department of Geology
_9546604
942 _cDIS
_2CC
999 _c887215
_d887215